[Event "FIN-chT 1112"]
[Site "Finland"]
[Date "2011.11.19"]
[Round "5.2"]
[White "Veingold, Aleksandr"]
[Black "Sepp, Olav"]
[Result "1/2-1/2"]
[WhiteElo "2473"]
[BlackElo "2485"]
[PlyCount "94"]
[EventDate "2011.09.17"]
[EventType "team-tourn"]
[EventRounds "11"]
[EventCountry "FIN"]
[SourceTitle "EXT 2013"]
[Source "ChessBase"]
[SourceDate "2012.11.22"]
[SourceVersion "1"]
[SourceVersionDate "2012.11.22"]
[SourceQuality "1"]
[WhiteTeam "Tampere"]
[BlackTeam "Vantaa"]
[WhiteTeamCountry "FIN"]
[BlackTeamCountry "FIN"]

1. d4 Nf6 2. c4 g6 3. Nc3 Bg7 4. e4 d6 5. Nf3 0-0 6. Be2 e5 7. 0-0 Nc6 8. d5 Ne7 9. b4 Nh5 10. g3 f5 11. Ng5 Nf6 12. Bf3 c6 13. Ba3 cxd5 14. exd5 Ne8 15. Rc1 Kh8 16. c5 e4 17. Be2 h6 18. Ne6 Bxe6 19. dxe6 d5 20. Bb5 d4 21. Ne2 d3 22. Nf4 Nf6 23. c6 Qb6 24. cxb7 Qxb7 25. Qa4 d2 26. Rcd1 g5 27. Ba6 Qc7 28. Qa5 Qxa5 29. bxa5 gxf4 30. Bxe7 Rfe8 31. Bxf6 Bxf6 32. Rxd2 Rxe6 33. Bc4 Re5 34. gxf4 Rxa5 35. Rd6 Bg7 36. Rfd1 Rf8 37. Kf1 Rc5 38. Bb3 Rc3 39. Rd7 Rf3 40. Rxa7 Rxf4 41. Rdd7 Rg4 42. Bd1 Rg6 43. Bh5 Rg5 44. h4 Rxh5 45. Rxg7 Rb8 46. Rh7+ Kg8 47. Rag7+ Kf8 1/2-1/2

[Event "FIN-chT 1112"]
[Site "Finland"]
[Date "2011.09.17"]
[Round "1.2"]
[White "Sklyarov, Dmitry V"]
[Black "Veingold, Aleksandr"]
[Result "1-0"]
[WhiteElo "2416"]
[BlackElo "2473"]
[PlyCount "125"]
[EventDate "2011.09.17"]
[EventType "team-tourn"]
[EventRounds "11"]
[EventCountry "FIN"]
[SourceTitle "CBM 144 Extra"]
[Source "ChessBase"]
[SourceDate "2011.10.28"]
[SourceVersion "1"]
[SourceVersionDate "2011.10.28"]
[SourceQuality "1"]
[WhiteTeam "Joensuu SK"]
[BlackTeam "Tampere"]
[WhiteTeamCountry "FIN"]
[BlackTeamCountry "FIN"]

1. e4 c5 2. c3 d5 3. exd5 Qxd5 4. d4 Nf6 5. Nf3 Bg4 6. Nbd2 Nc6 7. Bc4 Bxf3 8. Qb3 Na5 9. Qb5+ Qd7 10. Nxf3 Nxc4 11. Qxc4 cxd4 12. Nxd4 Rc8 13. Qe2 e6 14. 0-0 Be7 15. Rd1 Qa4 16. b3 Qa5 17. c4 0-0 18. Nxe6 fxe6 19. Qxe6+ Kh8 20. Qxe7 Rce8 21. Bd2 Qh5 22. Qc7 Rd8 23. f3 Rd7 24. Qg3 Rfd8 25. Qe1 Re8 26. Qf1 Qc5+ 27. Qf2 Qd6 28. h3 Red8 29. Bc3 Qxd1+ 30. Rxd1 Rxd1+ 31. Kh2 b6 32. Qe2 R1d7 33. Qe6 Rd6 34. Qe5 Kg8 35. Bb4 R6d7 36. Qe6+ Rf7 37. Bc3 Nd7 38. Qd5 Re8 39. Bd4 h6 40. a4 Nf6 41. Qb5 Re6 42. c5 bxc5 43. Bxc5 Re8 44. Qc4 Rc8 45. b4 Rcc7 46. Qe6 Kh7 47. Bd6 Rb7 48. b5 Rfd7 49. Qf5+ Kh8 50. Qe5 Kh7 51. a5 Rxb5 52. Qxb5 Rxd6 53. a6 Rd7 54. Qc6 Kg8 55. g4 Kf7 56. f4 g5 57. h4 Re7 58. hxg5 hxg5 59. fxg5 Ne8 60. Kg3 Ng7 61. Qf6+ Ke8 62. g6 Kd7 63. Kh4 1-0

[Event "FIN-chT 1011"]
[Site "Finland"]
[Date "2011.03.12"]
[Round "8.1"]
[White "Veingold, Aleksandr"]
[Black "Agopov, Mikael"]
[Result "1/2-1/2"]
[WhiteElo "2474"]
[BlackElo "2419"]
[PlyCount "35"]
[EventDate "2010.09.18"]
[EventType "team-tourn"]
[EventRounds "9"]
[EventCountry "FIN"]
[SourceTitle "EXT 2012"]
[Source "ChessBase"]
[SourceDate "2011.11.24"]
[SourceVersion "1"]
[SourceVersionDate "2011.11.24"]
[SourceQuality "1"]
[WhiteTeam "Tammer Shakki"]
[BlackTeam "Mat SK"]
[WhiteTeamCountry "FIN"]
[BlackTeamCountry "FIN"]

1. d4 Nf6 2. c4 e6 3. Nf3 d5 4. g3 Be7 5. Bg2 0-0 6. 0-0 dxc4 7. Qc2 a6 8. a4 Bd7 9. Qxc4 Bc6 10. Bg5 h6 11. Bxf6 Bxf6 12. Nc3 Bxf3 13. Bxf3 c6 14. Rfd1 a5 15. b4 axb4 16. Qxb4 Ra7 17. Rab1 Nd7 18. Rb3 1/2-1/2

[Event "FIN-chT 1011"]
[Site "Finland"]
[Date "2010.11.20"]
[Round "4.1"]
[White "Tolonen, Mikko"]
[Black "Veingold, Aleksandr"]
[Result "1/2-1/2"]
[WhiteElo "2248"]
[BlackElo "2474"]
[PlyCount "42"]
[EventDate "2010.09.18"]
[EventType "team-tourn"]
[EventRounds "9"]
[EventCountry "FIN"]
[SourceTitle "EXT 2012"]
[Source "ChessBase"]
[SourceDate "2011.11.24"]
[SourceVersion "1"]
[SourceVersionDate "2011.11.24"]
[SourceQuality "1"]
[WhiteTeam "Mat SK II"]
[BlackTeam "Tammer Shakki"]
[WhiteTeamCountry "FIN"]
[BlackTeamCountry "FIN"]

1. e4 c5 2. c3 d5 3. exd5 Qxd5 4. d4 Nf6 5. Nf3 Bg4 6. dxc5 Qxc5 7. h3 Bxf3 8. Qxf3 Nc6 9. Na3 e5 10. Bb5 Qd5 11. Qxd5 Nxd5 12. Nc4 0-0-0 13. Bxc6 bxc6 14. Be3 Nxe3 15. fxe3 f6 16. e4 h5 17. Ke2 h4 18. Rhd1 Rh5 19. Rxd8+ Kxd8 20. Rd1+ Kc7 21. Rd3 Rg5 1/2-1/2

[Event "FIN-chT 1011"]
[Site "Finland"]
[Date "2010.09.19"]
[Round "2.1"]
[White "Kiik, Kalle"]
[Black "Veingold, Aleksandr"]
[Result "1/2-1/2"]
[WhiteElo "2421"]
[BlackElo "2474"]
[PlyCount "35"]
[EventDate "2010.09.18"]
[EventType "team-tourn"]
[EventRounds "9"]
[EventCountry "FIN"]
[SourceTitle "EXT 2012"]
[Source "ChessBase"]
[SourceDate "2011.11.24"]
[SourceVersion "1"]
[SourceVersionDate "2011.11.24"]
[SourceQuality "1"]
[WhiteTeam "Sal SK"]
[BlackTeam "Tammer Shakki"]
[WhiteTeamCountry "FIN"]
[BlackTeamCountry "FIN"]

1. e4 c5 2. c3 d5 3. exd5 Qxd5 4. d4 Nf6 5. Nf3 Bg4 6. Be2 e6 7. 0-0 Nc6 8. h3 Bh5 9. Be3 cxd4 10. cxd4 Be7 11. Nc3 Qd6 12. Qb3 0-0 13. Rfd1 Rfd8 14. Rac1 Qb4 15. g4 Bg6 16. Ne5 Qxb3 17. axb3 Nb4 18. Nxg6 1/2-1/2

[Event "FIN-chT 1011"]
[Site "Finland"]
[Date "2010.09.18"]
[Round "1.1"]
[White "Dokutchaev, Aleksander"]
[Black "Veingold, Aleksandr"]
[Result "1/2-1/2"]
[WhiteElo "2422"]
[BlackElo "2474"]
[PlyCount "21"]
[EventDate "2010.09.18"]
[EventType "team-tourn"]
[EventRounds "9"]
[EventCountry "FIN"]
[SourceTitle "EXT 2012"]
[Source "ChessBase"]
[SourceDate "2011.11.24"]
[SourceVersion "1"]
[SourceVersionDate "2011.11.24"]
[SourceQuality "1"]
[WhiteTeam "Joensuu SK"]
[BlackTeam "Tammer Shakki"]
[WhiteTeamCountry "FIN"]
[BlackTeamCountry "FIN"]

1. d4 Nf6 2. Nf3 e6 3. e3 b6 4. Bd3 Bb7 5. 0-0 d5 6. b3 Nbd7 7. Bb2 Bd6 8. Ne5 0-0 9. c4 dxc4 10. bxc4 Bxe5 11. dxe5 1/2-1/2

[Event "FIN-chT 0809"]
[Site "Finland"]
[Date "2008.09.06"]
[Round "1.1"]
[White "Veingold, Aleksandr"]
[Black "Kiik, Kalle"]
[Result "1-0"]
[WhiteElo "2485"]
[BlackElo "2464"]
[PlyCount "73"]
[EventDate "2008.09.06"]
[EventType "team-tourn"]
[EventRounds "9"]
[EventCountry "FIN"]
[SourceTitle "EXT 2022"]
[Source "ChessBase"]
[SourceDate "2021.10.06"]
[SourceVersion "1"]
[SourceVersionDate "2021.10.06"]
[SourceQuality "1"]
[WhiteTeam "Tampere Tammer"]
[BlackTeam "Salo SK"]
[WhiteTeamCountry "FIN"]
[BlackTeamCountry "FIN"]

1. d4 Nf6 2. c4 e6 3. Nf3 Bb4+ 4. Bd2 Qe7 5. g3 Nc6 6. Nc3 Bxc3 7. Bxc3 Ne4 8. Qc2 Nxc3 9. Qxc3 0-0 10. Bg2 d6 11. 0-0 e5 12. d5 Nd8 13. c5 f5 14. Rac1 Nf7 15. cxd6 cxd6 16. Qb3 b6 17. Rfe1 Bb7 18. e4 fxe4 19. Nd2 Rac8 20. Nxe4 Rxc1 21. Rxc1 Rc8 22. Rd1 Qd7 23. h4 Ba6 24. a3 Be2 25. Re1 Bg4 26. Nc3 Bf5 27. Qd1 Rc4 28. Qe2 Qc8 29. Bf1 Rd4 30. Qe3 Nh6 31. Rc1 Ng4 32. Qe1 Qf8 33. f3 Nf6 34. Nb5 Ra4 35. Qd1 e4 36. Qxa4 exf3 37. Qf4 1-0

[Event "POR-chT 50th"]
[Site "Evora"]
[Date "2008.07.31"]
[Round "6"]
[White "Veingold, Aleksandr"]
[Black "Diogo, Vasco Andre Marcalo"]
[Result "1-0"]
[WhiteElo "2485"]
[BlackElo "2294"]
[PlyCount "61"]
[EventDate "2008.07.26"]
[EventType "team-tourn"]
[EventRounds "9"]
[EventCountry "POR"]
[SourceTitle "EXT 2009"]
[Source "ChessBase"]
[SourceDate "2008.11.26"]
[SourceVersion "1"]
[SourceVersionDate "2008.11.26"]
[SourceQuality "1"]

1. d4 d5 2. Nf3 Nf6 3. c4 c6 4. Nc3 a6 5. cxd5 cxd5 6. Bf4 Nc6 7. Rc1 Bf5 8. e3 e6 9. Qb3 Bb4 10. Ne5 Ne4 11. Nxc6 Bxc3+ 12. Qxc3 Nxc3 13. Nxd8 Nxa2 14. Rc7 Rxd8 15. Rxb7 Rc8 16. Bxa6 e5 17. Bxe5 Rc1+ 18. Ke2 Rxh1 19. Bb5+ Kd8 20. Rxf7 Rc1 21. Rxf5 Ke7 22. Bg3 Nb4 23. Bh4+ Ke6 24. Re5+ Kf7 25. Re7+ Kg6 26. Be8+ Kh6 27. f4 Rxe8 28. Rxe8 Rc2+ 29. Kf3 Rxb2 30. Re6+ g6 31. Re7 1-0

[Event "FIN-chT 0708"]
[Site "Finland"]
[Date "2007.11.18"]
[Round "5.1"]
[White "Kanep, Meelis"]
[Black "Veingold, Aleksandr"]
[Result "1/2-1/2"]
[WhiteElo "2515"]
[BlackElo "2458"]
[PlyCount "89"]
[EventDate "2007.09.15"]
[EventType "team-tourn"]
[EventRounds "9"]
[EventCountry "FIN"]
[SourceTitle "EXT 2022"]
[Source "ChessBase"]
[SourceDate "2021.10.06"]
[SourceVersion "1"]
[SourceVersionDate "2021.10.06"]
[SourceQuality "1"]
[WhiteTeam "Vantaa EtVaS"]
[BlackTeam "Tampere OpusCapita"]
[WhiteTeamCountry "FIN"]
[BlackTeamCountry "FIN"]

1. d4 Nf6 2. c4 e6 3. g3 d5 4. Nf3 Nbd7 5. Bg2 c6 6. 0-0 Be7 7. Qc2 0-0 8. Nbd2 b6 9. e4 Bb7 10. e5 Ne8 11. b3 Rc8 12. Bb2 c5 13. dxc5 Bxc5 14. Rad1 Qe7 15. Qb1 Nc7 16. cxd5 exd5 17. Nh4 g6 18. Nc4 Rfe8 19. Ba1 Ba6 20. Bxd5 Nxd5 21. Rxd5 Bb7 22. Rd2 b5 23. Nd6 Bxd6 24. exd6 Qg5 25. Qb2 f6 26. Qd4 Rc5 27. f4 Qg4 28. Qf2 Qe6 29. Nf3 Kf7 30. Bb2 Qe4 31. h3 a6 32. Kh2 Rd5 33. Rxd5 Qxd5 34. Bd4 Qxf3 35. Qxf3 Bxf3 36. Rxf3 Re2+ 37. Rf2 Rxf2+ 38. Bxf2 Ke6 39. Kg2 Kxd6 40. Kf3 Kd5 41. Ke2 f5 42. Be1 Nc5 43. Bb4 Ne4 44. Be1 h5 45. h4 1/2-1/2

[Event "FIN-chT 0708"]
[Site "Finland"]
[Date "2007.11.18"]
[Round "4.1"]
[White "Veingold, Aleksandr"]
[Black "Seeman, Tarvo"]
[Result "1/2-1/2"]
[WhiteElo "2458"]
[BlackElo "2421"]
[PlyCount "31"]
[EventDate "2007.09.15"]
[EventType "team-tourn"]
[EventRounds "9"]
[EventCountry "FIN"]
[SourceTitle "EXT 2022"]
[Source "ChessBase"]
[SourceDate "2021.10.06"]
[SourceVersion "1"]
[SourceVersionDate "2021.10.06"]
[SourceQuality "1"]
[WhiteTeam "Tampere OpusCapita"]
[BlackTeam "Helsinki Aatos"]
[WhiteTeamCountry "FIN"]
[BlackTeamCountry "FIN"]

1. d4 Nf6 2. c4 e5 3. dxe5 Ng4 4. Bf4 g5 5. Bd2 Nxe5 6. Bc3 Bg7 7. e3 Qe7 8. Be2 0-0 9. h4 gxh4 10. Nf3 Nbc6 11. Nxh4 d6 12. Nd2 f5 13. g3 Be6 14. Ng2 d5 15. Nf4 dxc4 16. Qc2 1/2-1/2

[Event "Jorge Alvarez Memorial 13th"]
[Site "El Ejido"]
[Date "2007.07.10"]
[Round "2"]
[White "Veingold, Aleksandr"]
[Black "Guadamuro Torrente, Anabel"]
[Result "0-1"]
[WhiteElo "2458"]
[BlackElo "2095"]
[PlyCount "123"]
[EventDate "2007.07.09"]
[EventType "swiss"]
[EventRounds "9"]
[EventCountry "ESP"]
[SourceTitle "EXT 2008"]
[Source "ChessBase"]
[SourceDate "2007.11.25"]
[SourceVersion "1"]
[SourceVersionDate "2007.11.25"]
[SourceQuality "1"]

1. d4 d5 2. Nf3 Nf6 3. c4 e6 4. g3 c6 5. Bg2 Nbd7 6. Nbd2 Bd6 7. 0-0 0-0 8. b3 e5 9. dxe5 Nxe5 10. cxd5 cxd5 11. Bb2 Qe7 12. Rc1 Bd7 13. Nxe5 Bxe5 14. Bxe5 Qxe5 15. Nf3 Qd6 16. a4 Rac8 17. Qd3 Qa3 18. Rxc8 Rxc8 19. Nd4 Qb4 20. e3 g6 21. Qb1 Qc3 22. Qa1 Ne4 23. Qxc3 Rxc3 24. Rd1 Bc6 25. a5 a6 26. Bf1 Bd7 27. Be2 Kg7 28. Kf1 Nc5 29. b4 Ne6 30. h4 Ba4 31. Nxe6+ fxe6 32. Rb1 Bb5 33. Ke1 Kf6 34. Kd2 Rc7 35. Bf3 Ke5 36. Bg2 Kd6 37. Rc1 Rxc1 38. Kxc1 e5 39. Kd2 e4 40. Kc3 Ke5 41. Bh3 h6 42. Bc8 Bc6 43. Bg4 g5 44. hxg5 hxg5 45. Bc8 Kd6 46. Kd4 Kc7 47. Be6 Kd6 48. Bf7 b5 49. axb6 Ba8 50. Be8 Bb7 51. Ba4 Ba8 52. Bd1 Kc6 53. f4 exf3 54. Bxf3 Kd6 55. g4 Bb7 56. e4 Ke6 57. exd5+ Kd6 58. Kc4 Ba8 59. Kb3 Bb7 60. Ka4 Ba8 61. Ka5 Bb7 62. Be2 0-1

[Event "Lorca Narciso Yepes op"]
[Site "Lorca"]
[Date "2007.06.28"]
[Round "7"]
[White "Veingold, Aleksandr"]
[Black "Timoshenko, Georgy"]
[Result "1/2-1/2"]
[WhiteElo "2465"]
[BlackElo "2566"]
[PlyCount "33"]
[EventDate "2007.06.25"]
[EventType "swiss"]
[EventRounds "9"]
[EventCountry "ESP"]
[SourceTitle "CBM 119 Extra"]
[Source "ChessBase"]
[SourceDate "2007.09.04"]
[SourceVersion "1"]
[SourceVersionDate "2007.09.04"]
[SourceQuality "1"]

1. d4 Nf6 2. c4 g6 3. Nc3 d5 4. Bf4 Bg7 5. e3 0-0 6. Rc1 c5 7. dxc5 Be6 8. Nf3 Qa5 9. Ng5 Nc6 10. Be2 Rad8 11. Nxe6 fxe6 12. Qa4 Qxc5 13. Qb5 Qxb5 14. cxb5 Nb8 15. 0-0 Nbd7 16. Rfd1 e5 17. Bg5 1/2-1/2

[Event "FIN-chT 0607"]
[Site "Finland"]
[Date "2006.10.21"]
[Round "3.1"]
[White "Kanep, Meelis"]
[Black "Veingold, Aleksandr"]
[Result "1/2-1/2"]
[WhiteElo "2510"]
[BlackElo "2443"]
[PlyCount "83"]
[EventDate "2006.09.14"]
[EventType "team-tourn"]
[EventRounds "9"]
[EventCountry "FIN"]
[SourceTitle "EXT 2022"]
[Source "ChessBase"]
[SourceDate "2021.10.06"]
[SourceVersion "1"]
[SourceVersionDate "2021.10.06"]
[SourceQuality "1"]
[WhiteTeam "Vantaa EtVaS"]
[BlackTeam "Tampere OpusCapita"]
[WhiteTeamCountry "FIN"]
[BlackTeamCountry "FIN"]

1. d4 Nf6 2. c4 e6 3. g3 d5 4. Nf3 Be7 5. Bg2 0-0 6. 0-0 dxc4 7. Ne5 Nc6 8. Nxc6 bxc6 9. Nc3 Rb8 10. Na4 Nd5 11. Qc2 Ba6 12. Rd1 Bb5 13. Bd2 Nb4 14. Bxb4 Bxb4 15. Nc3 Bxc3 16. Qxc3 Qd6 17. e4 Rb6 18. Rd2 Rfb8 19. Re1 h6 20. d5 cxd5 21. exd5 exd5 22. Bxd5 Qf6 23. Qxf6 Rxf6 24. Re7 c6 25. Be4 a6 26. f3 g6 27. g4 Kf8 28. Rc7 Ke8 29. Kf2 Rd8 30. Ke3 Rfd6 31. Rxd6 Rxd6 32. Bc2 c3 33. bxc3 Bc4 34. a4 Kd8 35. Ra7 Rd7 36. Ra8+ Ke7 37. Rh8 c5 38. Rxh6 Rb7 39. Bd3 Rb3 40. Kd2 Bxd3 41. Kxd3 Ra3 42. Rh8 1/2-1/2

[Event "FIN-chT 0607"]
[Site "Finland"]
[Date "2006.09.16"]
[Round "1.1"]
[White "Veingold, Aleksandr"]
[Black "Solozhenkin, Evgeniy"]
[Result "1/2-1/2"]
[WhiteElo "2443"]
[BlackElo "2508"]
[PlyCount "25"]
[EventDate "2006.09.14"]
[EventType "team-tourn"]
[EventRounds "9"]
[EventCountry "FIN"]
[SourceTitle "EXT 2022"]
[Source "ChessBase"]
[SourceDate "2021.10.06"]
[SourceVersion "1"]
[SourceVersionDate "2021.10.06"]
[SourceQuality "1"]
[WhiteTeam "Tampere OpusCapita"]
[BlackTeam "Espoo MatSK"]
[WhiteTeamCountry "FIN"]
[BlackTeamCountry "FIN"]

1. d4 Nf6 2. Nf3 e6 3. c4 b6 4. g3 Ba6 5. b3 b5 6. cxb5 Bxb5 7. Bg2 d5 8. Nc3 Ba6 9. 0-0 Nbd7 10. Bb2 Be7 11. Rc1 0-0 12. Re1 Rc8 13. e4 1/2-1/2

[Event "Lorca Narciso Yepes op"]
[Site "Lorca"]
[Date "2006.??.??"]
[Round "?"]
[White "Khamrakulov, Ibragim S"]
[Black "Veingold, Aleksandr"]
[Result "1/2-1/2"]
[WhiteElo "2513"]
[BlackElo "2441"]
[PlyCount "33"]
[EventDate "2006.06.25"]
[EventType "swiss"]
[EventRounds "9"]
[EventCountry "ESP"]
[SourceTitle "CBM 113 Extra"]
[Source "ChessBase"]
[SourceDate "2006.09.14"]
[SourceVersion "1"]
[SourceVersionDate "2006.09.14"]
[SourceQuality "1"]

1. e4 c5 2. c3 d5 3. exd5 Qxd5 4. d4 Nf6 5. Nf3 Bg4 6. Qa4+ Bd7 7. Qb3 e6 8. Bc4 Qe4+ 9. Be3 cxd4 10. Nbd2 Qc6 11. Nxd4 Qc8 12. Bf4 Nh5 13. Be5 Nc6 14. Nxc6 Bxc6 15. Rg1 Be7 16. g4 Nf6 17. Bxf6 1/2-1/2

[Event "Mislata op 13th"]
[Site "Mislata"]
[Date "2005.08.25"]
[Round "8"]
[White "Veingold, Aleksandr"]
[Black "Garcia Fernandez, Carlos"]
[Result "1/2-1/2"]
[WhiteElo "2465"]
[BlackElo "2349"]
[PlyCount "26"]
[EventDate "2005.08.18"]
[EventType "swiss"]
[EventRounds "9"]
[EventCountry "ESP"]
[SourceTitle "CBM 107 Extra"]
[Source "ChessBase"]
[SourceDate "2005.09.01"]
[SourceVersion "1"]
[SourceVersionDate "2005.09.01"]
[SourceQuality "1"]

1. d4 Nf6 2. Nf3 c5 3. d5 b5 4. Bg5 d6 5. Bxf6 exf6 6. e4 a6 7. a4 b4 8. Bd3 g6 9. Nbd2 Bg7 10. Nc4 a5 11. Nfd2 0-0 12. 0-0 Bb7 13. Qf3 Nd7 1/2-1/2

[Event "Mislata op 13th"]
[Site "Mislata"]
[Date "2005.08.22"]
[Round "5"]
[White "Pena Riasco, Alexander"]
[Black "Veingold, Aleksandr"]
[Result "0-1"]
[WhiteElo "2249"]
[BlackElo "2465"]
[PlyCount "116"]
[EventDate "2005.08.18"]
[EventType "swiss"]
[EventRounds "9"]
[EventCountry "ESP"]
[SourceTitle "CBM 107 Extra"]
[Source "ChessBase"]
[SourceDate "2005.09.01"]
[SourceVersion "1"]
[SourceVersionDate "2005.09.01"]
[SourceQuality "1"]

1. d4 Nf6 2. c4 e6 3. Nf3 b6 4. a3 Bb7 5. Nc3 d5 6. e3 Nbd7 7. Bd3 Bd6 8. 0-0 0-0 9. cxd5 exd5 10. Bd2 a6 11. Rc1 Ne4 12. Qb3 Ndf6 13. h3 Qe7 14. Bb1 Rfd8 15. Na2 Rab8 16. Bb4 c5 17. Bd2 c4 18. Qd1 Nxd2 19. Nxd2 b5 20. Re1 Ne4 21. Nf1 Qh4 22. Re2 a5 23. Qe1 Ra8 24. Nc3 Nxc3 25. Qxc3 b4 26. axb4 axb4 27. Qe1 Qf6 28. Qd1 g6 29. Nh2 Bc8 30. e4 dxe4 31. Bxe4 Bxh2+ 32. Kxh2 Rxd4 33. Qe1 Rb8 34. Kg1 Be6 35. Re3 Rd6 36. Qe2 Rbd8 37. Rf3 Qd4 38. Re1 Qd2 39. Re3 Qxe2 40. R1xe2 Rd1+ 41. Kh2 R8d2 42. Kg3 Kg7 43. h4 h6 44. Bc2 Rxe2 45. Rxe2 Rd4 46. f3 Bd5 47. Bb1 Kf6 48. Bc2 b3 49. Bb1 Rd1 50. Be4 Bxe4 51. fxe4 Ke5 52. Kf3 h5 53. Ke3 Rd3+ 54. Kf2 c3 55. bxc3 Rxc3 56. Rd2 Rc2 57. Ke3 Rxd2 58. Kxd2 Kxe4 0-1

[Event "Helsinki We HSK op"]
[Site "Helsinki"]
[Date "2005.05.29"]
[Round "4"]
[White "Veingold, Aleksandr"]
[Black "Zumsande, Martin"]
[Result "1/2-1/2"]
[WhiteElo "2465"]
[BlackElo "2381"]
[PlyCount "72"]
[EventDate "2005.05.27"]
[EventType "swiss"]
[EventRounds "5"]
[EventCountry "FIN"]
[SourceTitle "EXT 2007"]
[Source "ChessBase"]
[SourceDate "2006.11.23"]
[SourceVersion "1"]
[SourceVersionDate "2006.11.23"]
[SourceQuality "1"]

1. d4 e6 2. Nf3 d5 3. c4 Nf6 4. g3 Be7 5. Bg2 0-0 6. 0-0 dxc4 7. Qc2 a6 8. a4 c5 9. dxc5 Nc6 10. Na3 Bxc5 11. Nxc4 Qe7 12. Nfe5 Nb4 13. Qb3 a5 14. Be3 Nfd5 15. Bxc5 Qxc5 16. Rac1 b5 17. Nxa5 Qb6 18. Nac6 bxa4 19. Qa3 Nxc6 20. Nxc6 Bb7 21. Bxd5 exd5 22. Qc5 Qxc6 23. Qxc6 Bxc6 24. Rxc6 Rfb8 25. Rfc1 Kf8 26. R1c2 Ra7 27. e3 Rab7 28. Ra6 Rxb2 29. Rxb2 Rxb2 30. Rxa4 h5 31. Ra5 Rb1+ 32. Kg2 Rd1 33. Kf3 Rd2 34. Ra4 Ke7 35. h4 Kf6 36. Ra6+ Ke7 1/2-1/2

[Event "Helsinki We HSK op"]
[Site "Helsinki"]
[Date "2005.05.28"]
[Round "3"]
[White "Hartikainen, Markku"]
[Black "Veingold, Aleksandr"]
[Result "0-1"]
[WhiteElo "2267"]
[BlackElo "2465"]
[PlyCount "100"]
[EventDate "2005.05.27"]
[EventType "swiss"]
[EventRounds "5"]
[EventCountry "FIN"]
[SourceTitle "EXT 2007"]
[Source "ChessBase"]
[SourceDate "2006.11.23"]
[SourceVersion "1"]
[SourceVersionDate "2006.11.23"]
[SourceQuality "1"]

1. e4 c5 2. Nf3 d6 3. d4 cxd4 4. Nxd4 Nf6 5. Nc3 Nc6 6. Bg5 e6 7. Qd2 a6 8. 0-0-0 Bd7 9. f3 b5 10. g4 h6 11. Be3 Ne5 12. a3 Qb8 13. g5 hxg5 14. Bxg5 b4 15. axb4 Qxb4 16. f4 Rb8 17. b3 Nc6 18. Kb1 Nxd4 19. Qxd4 Qxd4 20. Rxd4 Ng4 21. f5 Nf2 22. Rg1 Nh3 23. Bxh3 Rxh3 24. Kb2 Rc8 25. Rd3 Rxd3 26. cxd3 exf5 27. exf5 f6 28. Bf4 Bxf5 29. d4 Kf7 30. Ra1 Bd3 31. Rd1 Bb5 32. Ne4 Rd8 33. Rc1 g5 34. Bg3 Kg6 35. Rc7 f5 36. Nc3 Bg7 37. Nxb5 axb5 38. Kc3 f4 39. Bf2 Rh8 40. Bg1 Rh3+ 41. Kb4 Rf3 42. Rc1 Kf5 43. Rb1 Ke4 44. Kxb5 Kd5 45. b4 Ra3 46. Kb6 Ra2 47. Kc7 f3 48. Be3 f2 49. Bxg5 Bxd4 50. b5 Ra1 0-1

[Event "Torres Novas 1st"]
[Site "Torres Novas"]
[Date "2005.01.10"]
[Round "4.1"]
[White "Chemeris, Roman M"]
[Black "Veingold, Aleksandr"]
[Result "1/2-1/2"]
[WhiteElo "2199"]
[BlackElo "2488"]
[PlyCount "34"]
[EventDate "2005.01.10"]
[EventType "tourn"]
[EventRounds "9"]
[EventCountry "POR"]
[EventCategory "4"]
[SourceTitle "CBM 104 Extra"]
[Source "ChessBase"]
[SourceDate "2005.03.01"]
[SourceVersion "1"]
[SourceVersionDate "2005.03.01"]
[SourceQuality "1"]

1. e4 c5 2. Nf3 d6 3. d4 cxd4 4. Nxd4 Nf6 5. Nc3 a6 6. Bg5 e6 7. f4 Qb6 8. Nb3 Be7 9. Qf3 Nbd7 10. 0-0-0 Qc7 11. Bd3 h6 12. Bh4 g5 13. fxg5 Ne5 14. Qe2 Nfg4 15. h3 hxg5 16. Bg3 Nf6 17. Nd4 b5 1/2-1/2